| 000 | 01143cam a2200361 a 4500 | ||
|---|---|---|---|
| 001 | 15880992 | ||
| 003 | OSt | ||
| 005 | 20151104114159.0 | ||
| 008 | 090825s2009 nyua 000 1 eng | ||
| 010 | _a 2009464700 | ||
| 020 | _a9780679734772 (pbk.) | ||
| 040 |
_aDLC _cDLC |
||
| 043 | _an-us-il | ||
| 050 | 0 | 0 |
_aPS 3553 _b.C579 2009 |
| 082 | 0 | 0 |
_aIB 813.54 _bC579 2009 |
| 100 | 1 | _aCisneros, Sandra. | |
| 245 | 1 | 4 |
_aThe house on mango street / _cSandra Cisneros. |
| 250 | _a2nd Vintage Comtemporaries ed., 25th anniversary ed. | ||
| 260 |
_aNew York : _bVintage Contemporaries, _c2009. |
||
| 300 |
_axxvii, 110 p. : _bill. ; _c21 cm. |
||
| 521 | _blexile | ||
| 562 | _efor circulation. 3 copies available in the collection | ||
| 650 | 0 |
_aMexican Americans _vFiction. |
|
| 650 | 0 |
_aGirls _vFiction. |
|
| 651 | 0 |
_aChicago (Ill.) _vFiction. |
|
| 655 | 7 |
_aBildungsromane. _2gsafd |
|
| 906 |
_a7 _bcbc _corignew _d2 _encip _f20 _gy-gencatlg |
||
| 942 |
_2lcc _cBK |
||
| 999 |
_c2266 _d2266 |
||